[Event "Gorodets Small Kitezh op"]
[Site "Gorodets"]
[Date "2015.08.02"]
[Round "8"]
[White "Gur, Oleg"]
[Black "Dmitrievsky, Alexander"]
[Result "0-1"]
[WhiteElo "1722"]
[BlackElo "1895"]
[PlyCount "70"]
[EventDate "2015.07.29"]
[EventType "swiss"]
[EventRounds "9"]
[EventCountry "RUS"]
[SourceTitle "CBM 167 Extra"]
[Source "ChessBase"]
[SourceDate "2015.09.14"]
[SourceVersion "1"]
[SourceVersionDate "2015.09.14"]
[SourceQuality "1"]

1. f4 Nf6 2. Nf3 e6 3. d3 Bc5 4. d4 Bb6 5. c3 0-0 6. Nbd2 c5 7. e4 d5 8. e5 Ng4 9. Nb3 c4 10. h3 Nh6 11. Nc5 Nf5 12. g4 Nh4 13. Na4 Bc7 14. b3 b5 15. Nb2 Nc6 16. Qe2 Bb7 17. Bd2 Nxf3+ 18. Qxf3 Qh4+ 19. Ke2 f6 20. Be1 Qh6 21. Qg3 fxe5 22. fxe5 Qg6 23. Kd2 Rad8 24. Bf2 Nxe5 25. dxe5 d4 26. Bg2 dxc3+ 27. Kxc3 Bxg2 28. Qxg2 Bxe5+ 29. Kb4 Qc2 30. Rhf1 Qc3+ 31. Kxb5 Rd5+ 32. Bc5 Rb8+ 33. Ka6 Rxc5 34. Nxc4 Rxc4 35. Qf2 Rc6+ 0-1

[Event "Gorodets Small Kitezh op"]
[Site "Gorodets"]
[Date "2015.08.01"]
[Round "7"]
[White "Gur, Oleg"]
[Black "Golovanov, Vjacheslav"]
[Result "1/2-1/2"]
[WhiteElo "1722"]
[BlackElo "1779"]
[PlyCount "68"]
[EventDate "2015.07.29"]
[EventType "swiss"]
[EventRounds "9"]
[EventCountry "RUS"]
[SourceTitle "CBM 167 Extra"]
[Source "ChessBase"]
[SourceDate "2015.09.14"]
[SourceVersion "1"]
[SourceVersionDate "2015.09.14"]
[SourceQuality "1"]

1. f4 d5 2. Nf3 g6 3. d3 Nf6 4. b3 Bg7 5. Bb2 0-0 6. h3 c5 7. Nbd2 Nc6 8. g4 d4 9. Bg2 Nd5 10. Nf1 Nxf4 11. Rh2 Nxg2+ 12. Rxg2 b6 13. e4 e6 14. Qe2 a5 15. a4 Bb7 16. Ng3 Ne5 17. 0-0-0 Nxf3 18. Qxf3 Bc6 19. Rdg1 e5 20. Kd1 Ra7 21. Bc1 Kh8 22. h4 Bd7 23. h5 Be6 24. Rf2 Kg8 25. h6 Bh8 26. Nh5 f6 27. Ng3 Rff7 28. Nf1 Qd7 29. Nd2 b5 30. axb5 Qxb5 31. Nc4 Bxc4 32. dxc4 Qb8 33. Rgf1 Qe8 34. Qh3 Qc8 1/2-1/2

[Event "Nizhnij Novgorod Dubinin Memorial 22nd"]
[Site "Nizhnij Novgorod"]
[Date "2015.??.??"]
[Round "5"]
[White "Petukhov, Vladimir"]
[Black "Gur, Oleg"]
[Result "1-0"]
[WhiteElo "1752"]
[BlackElo "1761"]
[PlyCount "43"]
[EventDate "2015.01.03"]
[EventType "swiss"]
[EventRounds "9"]
[EventCountry "RUS"]
[SourceTitle "CBM 164 Extra"]
[Source "ChessBase"]
[SourceDate "2015.03.02"]
[SourceVersion "1"]
[SourceVersionDate "2015.03.02"]
[SourceQuality "1"]

1. e4 e5 2. d4 exd4 3. Qxd4 Nc6 4. Qe3 b6 5. Nc3 Bc5 6. Qg3 Bd4 7. Nd5 d6 8. c3 Bf6 9. Bf4 Bd7 10. 0-0-0 Ne5 11. Nf3 Nxf3 12. gxf3 h6 13. e5 Bg5 14. exd6 cxd6 15. Bxg5 hxg5 16. Qxd6 Rc8 17. Ba6 Rc6 18. Rhe1+ Ne7 19. Qxe7+ Qxe7 20. Rxe7+ Kd8 21. Rxf7 Rd6 22. Rxg7 1-0

[Event "Nizhnij Novgorod Dubinin Memorial 22nd"]
[Site "Nizhnij Novgorod"]
[Date "2015.??.??"]
[Round "7"]
[White "Ponomareva, Olga"]
[Black "Gur, Oleg"]
[Result "0-1"]
[WhiteElo "1308"]
[BlackElo "1761"]
[PlyCount "54"]
[EventDate "2015.01.03"]
[EventType "swiss"]
[EventRounds "9"]
[EventCountry "RUS"]
[SourceTitle "CBM 164 Extra"]
[Source "ChessBase"]
[SourceDate "2015.03.02"]
[SourceVersion "1"]
[SourceVersionDate "2015.03.02"]
[SourceQuality "1"]

1. e4 e5 2. Nf3 Nc6 3. Bb5 a6 4. Ba4 d6 5. d4 b5 6. Bb3 Nxd4 7. Nxd4 exd4 8. Bd5 Rb8 9. c3 dxc3 10. Nxc3 Nf6 11. b3 Be7 12. 0-0 0-0 13. f4 Bg4 14. Qe1 Bd7 15. b4 c6 16. Bb3 c5 17. bxc5 dxc5 18. e5 Ne8 19. Bb2 c4 20. Bc2 Bc5+ 21. Kh1 Bb4 22. a3 Ba5 23. Qg3 f5 24. Rad1 Qe7 25. Nd5 Qf7 26. Bd4 Qxd5 27. Ba1 Qf7 0-1

[Event "Nizhnij Novgorod-ch"]
[Site "Nizhnij Novgorod"]
[Date "2014.??.??"]
[Round "2"]
[White "Gur, Oleg"]
[Black "Kukushkin, Alexander"]
[Result "1-0"]
[WhiteElo "1825"]
[BlackElo "1456"]
[PlyCount "69"]
[EventDate "2014.03.??"]
[EventType "swiss"]
[EventRounds "9"]
[EventCountry "RUS"]
[SourceTitle "EXT 2016"]
[Source "ChessBase"]
[SourceDate "2015.10.08"]
[SourceVersion "1"]
[SourceVersionDate "2015.10.08"]
[SourceQuality "1"]

1. f4 d6 2. e4 g6 3. Nf3 Bg7 4. d4 e6 5. Bd3 Nf6 6. 0-0 0-0 7. c3 Nbd7 8. e5 Nd5 9. a3 a6 10. Qe2 b5 11. c4 bxc4 12. Bxc4 N7b6 13. Bd3 Bb7 14. Nc3 Nxc3 15. bxc3 Bxf3 16. Rxf3 a5 17. g4 Rb8 18. f5 dxe5 19. dxe5 exf5 20. gxf5 Qh4 21. f6 Bh6 22. Bxh6 Qxh6 23. Bb5 Rbd8 24. Qe3 Qxe3+ 25. Rxe3 Rd2 26. Rae1 Rfd8 27. e6 fxe6 28. Rxe6 R8d5 29. Bc6 Rg5+ 30. Kh1 Rh5 31. Rf1 Rhxh2+ 32. Kg1 Rhe2 33. f7+ Kf8 34. Re8+ Kg7 35. Rg8+ 1-0

[Event "Nizhnij Novgorod Cup of Nadezhda"]
[Site "Nizhnij Novgorod"]
[Date "2011.08.08"]
[Round "?"]
[White "Gur, Oleg"]
[Black "Korolev, Vladislav"]
[Result "1/2-1/2"]
[WhiteElo "1907"]
[BlackElo "1693"]
[PlyCount "83"]
[EventDate "2011.08.08"]
[EventType "swiss"]
[EventRounds "8"]
[EventCountry "RUS"]
[SourceTitle "EXT 2022"]
[Source "ChessBase"]
[SourceDate "2021.10.06"]
[SourceVersion "1"]
[SourceVersionDate "2021.10.06"]
[SourceQuality "1"]

1. f4 Nc6 2. e4 d6 3. Nf3 Bg4 4. Be2 e5 5. d3 Nf6 6. 0-0 Qd7 7. f5 Bxf3 8. Bxf3 Nd4 9. c3 Nxf3+ 10. Qxf3 0-0-0 11. c4 Be7 12. Nc3 a6 13. b4 g6 14. a4 gxf5 15. exf5 d5 16. c5 e4 17. Qe2 Rde8 18. d4 c6 19. Bf4 Bd8 20. b5 a5 21. Be5 Rhg8 22. h3 Rg5 23. Qb2 Reg8 24. Rf2 e3 25. Re2 Qxf5 26. bxc6 bxc6 27. Qb8+ Kd7 28. Qd6+ Ke8 29. Qxc6+ Nd7 30. Rf1 Qxh3 31. Qxd5 Nxe5 32. dxe5 R8g7 33. Qc6+ Kf8 34. Qf3 Rg3 35. Qa8 Qh4 36. Qe4 Qh5 37. e6 Qg5 38. Nd5 Rg4 39. Rf4 Rxf4 40. Nxf4 Qxc5 41. exf7 Qc1+ 42. Kh2 1/2-1/2

[Event "Nizhnij Novgorod Chunakov Memorial 10th"]
[Site "Nizhnij Novgorod"]
[Date "2010.02.20"]
[Round "?"]
[White "Denisov, Yuri"]
[Black "Gur, Oleg"]
[Result "1-0"]
[WhiteElo "1991"]
[BlackElo "1889"]
[PlyCount "83"]
[EventDate "2010.02.20"]
[EventType "swiss"]
[EventRounds "9"]
[EventCountry "RUS"]
[SourceTitle "EXT 2022"]
[Source "ChessBase"]
[SourceDate "2021.10.06"]
[SourceVersion "1"]
[SourceVersionDate "2021.10.06"]
[SourceQuality "1"]

1. d4 Nf6 2. c4 e6 3. Nf3 b6 4. Bg5 h6 5. Bh4 Be7 6. e3 Bb7 7. Nc3 d6 8. Qd3 g5 9. Bg3 Nh5 10. e4 Nc6 11. a3 Qd7 12. d5 Nd8 13. Be2 Nxg3 14. hxg3 f6 15. Nd4 e5 16. Nf5 Bf8 17. Bg4 Qh7 18. 0-0-0 a6 19. Kb1 Bc8 20. Rh5 Nb7 21. Rdh1 Bxf5 22. Bxf5 Qg8 23. Qf3 Nc5 24. Qd1 a5 25. Nb5 Qf7 26. g4 Bg7 27. R1h3 Na6 28. Qa4 Kd8 29. Nxd6 cxd6 30. Qc6 Ra7 31. Qxd6+ Ke8 32. Qxb6 Qc7 33. Qe6+ Kf8 34. d6 Qd8 35. d7 Nb8 36. Rd3 Ra6 37. Rd6 Rxd6 38. Qxd6+ Kf7 39. Qe6+ Kf8 40. c5 Qe7 41. c6 Qd8 42. c7 1-0

[Event "Nizhnij Novgorod Dubinin Memorial 16th"]
[Site "Nizhnij Novgorod"]
[Date "2009.01.07"]
[Round "5"]
[White "Kulagina, Ekaterina"]
[Black "Gur, Oleg"]
[Result "1-0"]
[WhiteElo "1624"]
[BlackElo "1947"]
[PlyCount "38"]
[EventDate "2009.01.03"]
[EventType "swiss"]
[EventRounds "9"]
[EventCountry "RUS"]
[SourceTitle "EXT 2010"]
[Source "ChessBase"]
[SourceDate "2010.11.25"]
[SourceVersion "1"]
[SourceVersionDate "2010.11.25"]
[SourceQuality "1"]

1. e4 e6 2. d4 d5 3. Nc3 dxe4 4. Nxe4 Nd7 5. Nf3 Ngf6 6. Bd3 Nxe4 7. Bxe4 Nf6 8. Qd3 Nxe4 9. Qxe4 Qd5 10. Qe3 Be7 11. 0-0 0-0 12. b3 b5 13. a4 b4 14. c3 Qxb3 15. cxb4 Qxe3 16. fxe3 Bxb4 17. Ba3 Bxa3 18. Rxa3 Ba6 19. Rc1 f5 1-0

[Event "Nizhnij Novgorod Dubinin Memorial 16th"]
[Site "Nizhnij Novgorod"]
[Date "2009.01.03"]
[Round "1"]
[White "Rozkov, Nikolai"]
[Black "Gur, Oleg"]
[Result "1-0"]
[WhiteElo "2456"]
[BlackElo "1947"]
[PlyCount "43"]
[EventDate "2009.01.03"]
[EventType "swiss"]
[EventRounds "9"]
[EventCountry "RUS"]
[SourceTitle "EXT 2010"]
[Source "ChessBase"]
[SourceDate "2010.11.25"]
[SourceVersion "1"]
[SourceVersionDate "2010.11.25"]
[SourceQuality "1"]

1. e4 e6 2. d3 d5 3. Nd2 dxe4 4. dxe4 Nc6 5. Ngf3 Nf6 6. Bb5 Bd7 7. 0-0 a6 8. Be2 Be7 9. c3 0-0 10. Qc2 b5 11. e5 Ng4 12. Qe4 f5 13. exf6 Nxf6 14. Qc2 Bd6 15. Ne4 Nxe4 16. Qxe4 Qf6 17. Ng5 Qf5 18. Qxf5 exf5 19. Bf3 g6 20. Bd5+ Kg7 21. Bxc6 Bxc6 22. Ne6+ 1-0

[Event "Nizhnij Novgorod Dubinin Memorial 15th"]
[Site "Nizhnij Novgorod"]
[Date "2008.01.??"]
[Round "?"]
[White "Baryshev, Sergey"]
[Black "Gur, Oleg"]
[Result "0-1"]
[WhiteElo "1881"]
[BlackElo "1941"]
[PlyCount "52"]
[EventDate "2008.01.??"]
[EventType "swiss"]
[EventRounds "9"]
[EventCountry "RUS"]
[SourceTitle "CBM 122 Extra"]
[Source "ChessBase"]
[SourceDate "2008.03.04"]
[SourceVersion "1"]
[SourceVersionDate "2008.03.04"]
[SourceQuality "1"]

1. e4 e6 2. f4 d5 3. e5 c5 4. Nf3 Nc6 5. c4 d4 6. a3 f6 7. Bd3 Qc7 8. Qc2 fxe5 9. Bxh7 exf4 10. Bg6+ Kd8 11. 0-0 Nf6 12. b4 cxb4 13. Ng5 Ne5 14. Be4 d3 15. Bxd3 Bc5+ 16. Kh1 Nfg4 17. Nh3 f3 18. axb4 fxg2+ 19. Kxg2 Bd4 20. Rf4 Bxa1 21. Nc3 Bxc3 22. dxc3 g5 23. Rd4+ Ke8 24. Bxg5 Nxd3 25. Rxg4 Ne1+ 26. Kf2 Nxc2 0-1

[Event "Nizhnij Novgorod Voroniatov Memor 4th"]
[Site "Nizhnij Novgorod"]
[Date "2007.06.11"]
[Round "?"]
[White "Gur, Oleg"]
[Black "Svetlov, Dmitry"]
[Result "0-1"]
[WhiteElo "1945"]
[BlackElo "2104"]
[PlyCount "48"]
[EventDate "2007.06.11"]
[EventType "swiss"]
[EventRounds "9"]
[EventCountry "RUS"]
[SourceTitle "EXT 2022"]
[Source "ChessBase"]
[SourceDate "2021.10.06"]
[SourceVersion "1"]
[SourceVersionDate "2021.10.06"]
[SourceQuality "1"]

1. f4 d5 2. Nf3 g6 3. d3 Nf6 4. Nbd2 Bf5 5. h3 Bg7 6. g4 Bc8 7. e4 dxe4 8. dxe4 0-0 9. e5 Nd5 10. Nb3 c6 11. Bc4 Be6 12. Bd2 Nxf4 13. Bxf4 Bxc4 14. Qxd8 Rxd8 15. Nbd2 Be6 16. 0-0-0 Nd7 17. Rhe1 Nc5 18. b3 Bd5 19. Re3 Ne6 20. Bg3 Bh6 21. Rc3 Bxf3 22. Rxf3 Ng5 23. Rd3 Ne4 24. h4 Rxd3 0-1

[Event "Nizhnij Novgorod Voroniatov Memor 4th"]
[Site "Nizhnij Novgorod"]
[Date "2007.06.11"]
[Round "?"]
[White "Kruchinin, Anatoly V"]
[Black "Gur, Oleg"]
[Result "0-1"]
[WhiteElo "1886"]
[BlackElo "1945"]
[PlyCount "50"]
[EventDate "2007.06.11"]
[EventType "swiss"]
[EventRounds "9"]
[EventCountry "RUS"]
[SourceTitle "EXT 2022"]
[Source "ChessBase"]
[SourceDate "2021.10.06"]
[SourceVersion "1"]
[SourceVersionDate "2021.10.06"]
[SourceQuality "1"]

1. e4 e6 2. c4 d5 3. Nc3 d4 4. Nce2 c5 5. d3 Nc6 6. f4 e5 7. Nf3 Bd6 8. f5 h6 9. Ng3 Nf6 10. Be2 0-0 11. 0-0 Bd7 12. Bd2 Kh7 13. Ne1 Be7 14. a4 a5 15. Nc2 Na7 16. b3 Nc8 17. Rf3 Rg8 18. h3 Nd6 19. Ne1 b6 20. Rf1 Bc6 21. Nf3 Nd7 22. Nh2 Bh4 23. Nh1 g6 24. fxg6+ Rxg6 25. g4 Qe7 0-1